| 000 | 00606nam a22002057a 4500 | ||
|---|---|---|---|
| 003 | BD-DhJNU | ||
| 005 | 20250112032433.0 | ||
| 008 | 250112b |||||||| |||| 00| 0 eng d | ||
| 020 | _a9789843324481 | ||
| 040 |
_aBD-DhJNU _bENG _cBD-DhJNU _dBD-DhJNU |
||
| 082 |
_223 _a349.5492 |
||
| 100 | _aHaque, Md. Azizul | ||
| 245 |
_aHindu law in Bangladesh : _bTheory and Practice/ _cMd. Azizul Haque |
||
| 250 | _a5th ed. | ||
| 260 |
_aDhaka : _bUniversity Publications, _c2021. |
||
| 300 |
_a(26), 550 p. : _c22 cm. |
||
| 504 | _aIncludes bibliographical references | ||
| 650 | _aHindu Law | ||
| 942 |
_2ddc _cBK _n0 |
||
| 999 |
_c1079 _d1079 |
||